000 01263nam a22001697a 4500
005 20240716134704.0
008 240716b ||||| |||| 00| 0 eng d
020 _a9781133307426
050 _aLC3965.H86(5e)
100 _9Hunt, Nancy
245 _aExceptional children and youth
_cNancy Hunt and Kathleen Marshall
260 _aBelmont
_bWadworth Cengage Learnng
_c2012
300 _axxii, 533 p.;
_bill., col, :28cm.
500 _aIncludes Glossary index and reference
505 _aContents: Part 1: Building blocks for working with exceptional children and youth -- An introduction to special education -- Making special education work for all children -- Risk factors and early intervention -- Families of children with disabilities -- Part 2: Learning about the potential of exceptional children -- Children with learning disabilities -- Children with intellectual disabilities -- Children with severe disabilities -- Children with behavior disabilities -- Children with autism spectrum disorders -- Children with communication disorders -- Children who are deaf and hard to hearing -- Children who are blind or have low vision -- Children with physical disabilities and health impairments -- Children who are gifted and talented.
942 _2lcc
_cBK
999 _c10285
_d17785